MDQL
is popping MORE tags! Check the
thread
!
Quizzes
Events
Quiz Creation
Community
Videos
Private Events
Remove Ads
Sign In
Join for FREE
Feedback
Dark Mode
Quiz Categories
Sports
Geography
Music
Movies
Television
Just For Fun
Miscellaneous
History
Literature
Language
Science
Gaming
Entertainment
Religion
Holiday
For Kids
Quiz Lab
Recent
Popular Today
Quiz Kudos Today
Editor Picks
Curator Picks
Quizzes by...
Day
Popularity
Type
Ratings
Length
Year
Community
Subscriptions
Recent Discussions
Orange Saloon
Badges
Playlists
Quests
Create
Leaderboards
Showdown
Live 5
Trivia Bingo
Activity
Puzzle Library
Sporcle Events
Private Events
Virtual Trivia
Globe League
Become a Host
Pub Owners
SporcleCon
Opinionation
Our Games
Videos
Blog
Mobile Apps
Partnerships
Remove Ads and Go Orange
Feedback
Music
Pop Music
The Beatles
Song
Album
Lyrics
Bands
Singers
Artist
Clip
Rock
Rap
Classical
Billboard
Country Music
Kpop
Taylor Swift
Music
Pop Music
The Beatles
Song
Album
Lyrics
Bands
Singers
Artist
Clip
Rock
Rap
Classical
Billboard
Country Music
Kpop
Taylor Swift
Random Quiz
Search Sporcle
×
Quiz Lab
Quiz Lab
Music
Artist
Type in answers that appear in a list
Type in answers that appear in a list
Classic
Best Score? Go Orange.
Hip-Hop Similies Stats
Can you name the words that complete the lyric?
By
therocketflyer
10m
18 Questions
112 Plays
112 Plays
112 Plays
Comments
Comments
Give Quiz Kudos
Give Quiz Kudos
-
- Ratings
hide this ad
Replay
Link that replays current quiz
Next Quiz
Link to next quiz in quiz playlist
You Got
0%
They Got
Avg Score
11%
Avg Friend Score
Upgrade to see
Score Distribution
Jump to the score distribution portion of the page
Score
0/18
Timer
10:00
0
Plays Today
Lyric (Artist)
Rest of lyric
% Correct
Chrome lip pokin out the coupe look like _
_
_
_
_
_
_
_
_
_
_
_
(Lil Wayne)
It's pouting
27%
A franchise like a _
_
_
_
_
_
_
_
_
_
_
_
_
_
_
(Lil' Flip)
Houston Rocket
24.3%
Da steering wheel's wood like a _
_
_
_
_
_
_
_
_
_
(Dorrough Music)
Baseball bat
21.6%
The Cadillac's got a wide body like _
_
_
_
_
_
_
_
_
_
(Dorrough Music)
Rick Ross
19.8%
I'm a tell you like _
_
_
_
_
_
_
_
_
_
_
_
_
_
_
_
_
_
_
_
(Kanye West)
George Bush told me
19.8%
I can stuff the coupe like a _
_
_
_
_
_
_
_
_
_
_
_
_
_
_
_
_
_
_
_
(Lil Wayne)
M***** F***** Caravan
11.7%
Bitches know they see the platinum its grey like _
_
_
_
_
(Young Dro)
Grandpa
10.8%
Like the sun you _
_
_
_
_
_
_
_
_
_
_
_
_
_
(Colby O'donis)
Brighten my day
9.9%
Dropping bombs like a North Korean _
_
_
_
_
_
_
_
_
_
(Big Boi)
Nuclear Missile
7.2%
Lyric (Artist)
Rest of lyric
% Correct
I be skatin' on ice like _
_
_
_
_
_
_
_
_
_
(Young Dro)
Kristi Yamaguchi
7.2%
Rockin' shows in Dallas, ball like I _
_
_
_
_
_
_
_
_
_
_
_
_
_
_
_
_
_
_
_
_
(Baby Boy)
Play for the Mavericks
7.2%
Gettin' in da Chevy's like _
_
_
_
_
_
_
_
_
_
_
_
_
_
_
_
_
_
_
_
(David Banner)
Climbing up a building
7.2%
Me and my clique we be red like _
_
_
_
_
(Lil' Wayne)
Russia
6.3%
Got 'em coughing like the _
_
_
_
_
_
_
_
_
_
(Young Dro)
Swine flu
5.4%
Got them other bitches hate talkin' like _
_
_
_
_
(Dorrough Music)
Plies
4.5%
Da plasma looks like a _
_
_
_
_
_
_
_
_
_
_
_
_
_
_
_
_
_
_
_
_
_
_
_
_
_
_
_
_
_
_
_
_
(Da Prince)
Projector up in the living room
2.7%
She's yellow like _
_
_
_
_
_
_
_
_
_
_
_
_
_
_
_
_
_
_
_
_
_
_
_
_
_
_
_
_
_
_
_
_
_
_
_
_
(Dorrough Music)
the road in the Wizard of the Oz
1.8%
Pop ya head open like them _
_
_
_
_
_
_
_
_
_
_
_
_
_
_
_
_
(Young Dro)
Lamborghini doors
0.9%
Quiz Playlist
Details
Report
Send in Message
Add To Playlist
Classic:
Type in answers that appear in a list
Last Updated: Feb 16, 2017
Quiz Scoreboard
CHALLENGE
Sign Up to Join the Scoreboard
Show All
Scores
Hide
Comments
May contain spoilers
Recently Published
1-10 Letter E Words III
by El_Dandy
Language
2m
Street Fighter Characters
by Artimus82
Gaming
60s
College Basketball Coaching Resumes
by pancakes188
Sports
9m
More to Explore
Quiz From the Vault
Featured Blog Post
Where Did the Easter Bunny Come From?
hide this ad
You Might Also Like...
Tags
Artist Quiz
Lyrics Quiz
complete
Hip-Hop
rest
Simply
Today's Top Quizzes in Music
Browse Music
hide this ad
Today's Top Quizzes in Artist
Browse Artist
Top Contributed Quizzes in Music
1
Taylor Swift All Songs (2024)
2
Taylor Swift Logic Puzzle
3
Guess the Artist- 70s Songs
4
7-to-1: Billboard Hot 100 #1 Hits of 2010s
5
Sorting Albums and Songs
6
Billboard Blitz: Aretha Franklin
7
KPOP LOGIC QUIZ
8
Guess the Taylor Swift song (Mystery Song)
9
Guess The Taylor Swift Lyrics Song #1
10
Billboard Blitz: ABBA
Explore More
Trending Topics
NBA
Marvel
Crossword
Harry Potter
Kpop
Anime
Disney
The Office
Pokémon
Puzzle
Country
NFL
WWE
Soccer
Song
hide this ad
More By:
therocketflyer
Quiz
Plays
Rating
Category
Featured
Created
CEO's and Founders
744
2.50
Miscellaneous
Oct 10, 2009
Katy Perry: One of the Boys
641
5.00
Music
Oct 22, 2009
Expert Level Airport Codes Quiz
273
Geography
Oct 21, 2012
Hip-Hop Similies
112
1.14
Music
Oct 10, 2009
Go to Creator's Profile
Score Distribution
Quiz Creator Spotlight
therocketflyer
Follow
Send a Message
Quizzes Created
-
Created Quiz Play Count
-
More By This Creator
Popular Quizzes Today
1
Find the US States - No Outlines Minefield
2
Find the Countries of Europe - No Outlines Minefield
3
The Countries of the World
4
Find the US States
5
Risky Map Clicking: Biggest States A-Z
6
US States
7
Popular People in 1961
8
Movies - When Are They Set?
More Music Quizzes
Kpop Group Sort
Quiz Lab
Trending Quizzes
Risky Map Clicking: Least Populous States A-Z
Billboard Blitz: Aretha Franklin
Famous Russians: Author or Composer?
Countries of the World: 200 Million BC
1-10 Letter G Words
Recently Updated
Leaping Animals
pecheneg
Reality TV Shows (A-Z)
bhenderson79
Rickey Henderson's Hall of Fame Teammates
pecheneg
Champions League XIs: Arsenal
pecheneg
Quick Pick: Celebrities in WWE's Hall of Fame
aduchscher
A-Z Keypad Blitz II
pecheneg
Multiple Oscar Actors
pecheneg
Mystery Phrase Blitz: Oscar 'Best Actors'
pecheneg
F. Scott Fitzgerald Novels
LTH
Pick 3 Villains
ddd62291
Trending Topics
Anime
Crossword
Disney
Marvel
Kpop
Harry Potter
NBA
NFL
Soccer
The Office
Song
Country
WWE
Puzzle
Pokémon
Your Account Isn't Verified!
In order to create a playlist on Sporcle, you need to verify the email address you used during registration. Go to your
Sporcle Settings
to finish the process.
Report this User
Report this user for behavior that violates our
Community Guidelines
.
Details:
Send Report
Go to the Sporcle.com Mobile Site →
Comments